00487nam a2200205Ia 4500008004100000020001800041050001400059100001900073245002100092245002200113250001900135260001500154260002100169260000900190300001600199300002000215300001000235300002800245500000800273170918s9999 xx 000 0 und d a9780385742894 bD229 2012 aDashner, James 4aThe kill order / cby James Dashner. aFirst edition. aNew York : bDelacorte Press, c2012 a327 pages : billustrations ; c21cm. eThe maze runner series. a810